[Event "Madrid San Viator op-A 28th"]
[Site "Madrid"]
[Date "2017.04.02"]
[Round "2"]
[White "Arroyo Martinez, Fernando"]
[Black "Enfedaque Jimenez, Juan Carlos"]
[Result "1-0"]
[WhiteElo "1898"]
[BlackElo "1764"]
[PlyCount "23"]
[EventDate "2017.03.26"]
[EventType "swiss"]
[EventRounds "9"]
[EventCountry "ESP"]
[SourceTitle "EXT 2018"]
[Source "ChessBase"]
[SourceDate "2017.10.13"]
[SourceVersion "1"]
[SourceVersionDate "2017.10.13"]
[SourceQuality "1"]

1. e4 e6 2. d4 d5 3. Nc3 Bb4 4. Nge2 dxe4 5. a3 Be7 6. Nxe4 Nf6 7. N2g3 Nbd7 8. c4 b6 9. Be2 0-0 10. Bf3 Rb8 11. 0-0 c5 12. Bf4 1-0

[Event "Guadalajara-chT"]
[Site "Guadalajara"]
[Date "2016.01.23"]
[Round "1.4"]
[White "Enfedaque Jimenez, Juan Carlos"]
[Black "Alonso Lazaro, Adrian"]
[Result "1/2-1/2"]
[WhiteElo "1743"]
[BlackElo "1598"]
[PlyCount "133"]
[EventDate "2016.01.23"]
[EventType "team-tourn"]
[EventRounds "9"]
[EventCountry "ESP"]
[SourceTitle "EXT 2017"]
[Source "ChessBase"]
[SourceDate "2016.10.25"]
[SourceVersion "1"]
[SourceVersionDate "2016.10.25"]
[SourceQuality "1"]
[WhiteTeam "Artistas de la Logica"]
[BlackTeam "Uned Guadalajara"]
[WhiteTeamCountry "ESP"]
[BlackTeamCountry "ESP"]

1. e4 c5 2. Nf3 e6 3. c3 Nc6 4. d4 cxd4 5. cxd4 Nf6 6. d5 exd5 7. exd5 Bb4+ 8. Nc3 Qe7+ 9. Be2 Ne5 10. 0-0 0-0 11. Re1 Re8 12. Bd2 d6 13. Rc1 a6 14. a3 Bc5 15. b4 Bb6 16. Nxe5 dxe5 17. Bg5 Qd6 18. Bxf6 Qxf6 19. Bf3 Bf5 20. Qd2 Rac8 21. d6 Rcd8 22. Rcd1 Bd4 23. Ne2 Rxd6 24. Nxd4 Red8 25. Qe2 Rxd4 26. Rxd4 Rxd4 27. Qxe5 Qxe5 28. Rxe5 g6 29. h3 Rd3 30. Ra5 Bc8 31. b5 Rd6 32. bxa6 Rxa6 33. Rxa6 bxa6 34. Kf1 Kf8 35. Ke2 Ke7 36. Kd3 Kd6 37. Kc4 Kc7 38. Kc5 h5 39. g4 h4 40. Bg2 g5 41. a4 Bd7 42. a5 Bb5 43. Kd4 Kd6 44. Ke3 Ke5 45. Kd2 Kd4 46. Kc2 Bc4 47. Kb2 Bd3 48. Kb3 Kc5 49. Kc3 Bc4 50. Bb7 Bf1 51. Bc8 Kb5 52. f4 gxf4 53. g5 Kxa5 54. Be6 Kb5 55. Bxf7 Bxh3 56. g6 Bf5 57. Bc4+ Kc5 58. g7 Bh7 59. Bxa6 h3 60. Bb7 Kd6 61. Kd4 Ke6 62. Bc8+ Kf6 63. Bxh3 Kxg7 64. Ke5 f3 65. Kf4 f2 66. Ke3 Bg8 67. Kxf2 1/2-1/2

[Event "Madrid-ch sf-B"]
[Site "Madrid"]
[Date "2015.03.27"]
[Round "8"]
[White "Estevez Sacristan, Deva"]
[Black "Enfedaque Jimenez, Juan Carlos"]
[Result "1-0"]
[WhiteElo "1648"]
[BlackElo "1758"]
[PlyCount "51"]
[EventDate "2015.03.05"]
[EventType "swiss"]
[EventRounds "9"]
[EventCountry "ESP"]
[SourceTitle "CBM 165 Extra"]
[Source "ChessBase"]
[SourceDate "2015.04.21"]
[SourceVersion "1"]
[SourceVersionDate "2015.04.21"]
[SourceQuality "1"]

1. e4 c5 2. Nf3 Nc6 3. d4 cxd4 4. Nxd4 g6 5. Nc3 Bg7 6. Nb3 Nf6 7. Be2 0-0 8. 0-0 a5 9. a4 d6 10. Bg5 Be6 11. Kh1 d5 12. Bxf6 Bxf6 13. exd5 Bxc3 14. dxc6 Bxb2 15. cxb7 Ra7 16. Rb1 Be5 17. Nc5 Qc7 18. Na6 Rxa6 19. Bxa6 Rb8 20. Re1 Bxh2 21. g3 Bxg3 22. fxg3 Qc6+ 23. Kh2 Qxa6 24. Qf3 Qc4 25. Qd3 Qxa4 26. Qc3 1-0

[Event "Madrid-ch sf-B"]
[Site "Madrid"]
[Date "2015.03.21"]
[Round "7"]
[White "Enfedaque Jimenez, Juan Carlos"]
[Black "Del Noval Nemeshazi, Nesztor"]
[Result "0-1"]
[WhiteElo "1758"]
[BlackElo "1770"]
[PlyCount "62"]
[EventDate "2015.03.05"]
[EventType "swiss"]
[EventRounds "9"]
[EventCountry "ESP"]
[SourceTitle "CBM 165 Extra"]
[Source "ChessBase"]
[SourceDate "2015.04.21"]
[SourceVersion "1"]
[SourceVersionDate "2015.04.21"]
[SourceQuality "1"]

1. e4 c5 2. Nf3 d6 3. d4 cxd4 4. Nxd4 Nf6 5. Nc3 a6 6. Bg5 e6 7. f4 Be7 8. Qf3 Qc7 9. 0-0-0 Nbd7 10. Bd3 b5 11. g4 Bb7 12. Bxf6 Bxf6 13. Nce2 Nc5 14. g5 Be7 15. Rhg1 g6 16. Kb1 d5 17. Ng3 dxe4 18. Nxe4 Rd8 19. Qe3 Nxd3 20. Rxd3 0-0 21. Nf6+ Bxf6 22. gxf6 Rd5 23. f5 Qe5 24. fxg6 Qxe3 25. gxh7+ Kh8 26. Rxe3 Rxd4 27. Reg3 Rdd8 28. Rg4 Bf3 29. Rg7 Rd1+ 30. Rxd1 Bxd1 31. Kc1 Bh5 0-1

[Event "Madrid-ch"]
[Site "Madrid"]
[Date "2014.02.07"]
[Round "2"]
[White "Enfedaque Jimenez, Juan Carlos"]
[Black "Ruiz Bazaga, Miriam"]
[Result "1-0"]
[WhiteElo "1745"]
[BlackElo "1588"]
[PlyCount "81"]
[EventDate "2014.02.06"]
[EventType "swiss"]
[EventRounds "9"]
[EventCountry "ESP"]
[SourceTitle "CBM 159 Extra"]
[Source "ChessBase"]
[SourceDate "2014.04.24"]
[SourceVersion "1"]
[SourceVersionDate "2014.04.24"]
[SourceQuality "1"]

1. e4 e5 2. Nf3 Nc6 3. Bb5 Nf6 4. d3 a6 5. Bxc6 dxc6 6. Nxe5 Bc5 7. 0-0 0-0 8. c3 Bd6 9. Nf3 Bg4 10. Re1 Re8 11. Nbd2 Bf4 12. Nf1 Qd6 13. Bxf4 Qxf4 14. Qd2 Qxd2 15. N3xd2 Rad8 16. d4 b5 17. f3 Bc8 18. b4 Re7 19. Nb3 Rde8 20. a4 Nd5 21. Rec1 Nb6 22. axb5 cxb5 23. Nc5 Rd8 24. Nd2 f6 25. Nxa6 Bxa6 26. Rxa6 Na4 27. Nb3 Rc8 28. Nc5 Nb6 29. Kf2 Ree8 30. Rca1 Rb8 31. Ra7 Rbc8 32. d5 Nc4 33. Ne6 Re7 34. R1a6 Rd7 35. Rc6 Kf7 36. Rcxc7 Rdxc7 37. Rxc7+ Rxc7 38. Nxc7 Nd6 39. Ke3 Ke7 40. Kd4 g6 41. Kc5 1-0

[Event "Madrid San Viator op 21st"]
[Site "Madrid"]
[Date "2013.09.29"]
[Round "1"]
[White "Camarero Izquierdo, Juan Carlos"]
[Black "Enfedaque Jimenez, Juan Carlos"]
[Result "1-0"]
[WhiteElo "1893"]
[BlackElo "1761"]
[PlyCount "79"]
[EventDate "2013.09.29"]
[EventType "swiss"]
[EventRounds "9"]
[EventCountry "ESP"]
[SourceTitle "EXT 2015"]
[Source "ChessBase"]
[SourceDate "2014.11.20"]
[SourceVersion "1"]
[SourceVersionDate "2014.11.20"]
[SourceQuality "1"]

1. d4 d5 2. Nc3 Nf6 3. Bg5 Nbd7 4. Nf3 g6 5. Qd2 Ne4 6. Nxe4 dxe4 7. Ng1 Nb6 8. e3 Qd5 9. Bf4 c6 10. h4 Be6 11. b3 Bg7 12. c4 Qd7 13. Ne2 c5 14. Rd1 cxd4 15. exd4 Bg4 16. Bh6 Bf6 17. Qe3 Qf5 18. Rd2 Bxe2 19. Bxe2 0-0-0 20. Bg5 h6 21. Bxf6 exf6 22. 0-0 g5 23. h5 g4 24. a4 Qxh5 25. a5 Qxa5 26. Bxg4+ f5 27. Bh3 Kb8 28. Rdd1 Rhg8 29. Ra1 Qb4 30. Bxf5 Rg5 31. Bh3 f5 32. Qf4+ Ka8 33. Rxa7+ Kxa7 34. Ra1+ Na4 35. Rxa4+ Qxa4 36. bxa4 Rdg8 37. d5 b6 38. Qc7+ Ka6 39. a5 bxa5 40. c5 1-0

[Event "Villalba op 1st"]
[Site "Villalba"]
[Date "2013.07.30"]
[Round "4.12"]
[White "Enfedaque Jimenez, Juan Carlos"]
[Black "Olias Munoz, Francisco"]
[Result "0-1"]
[WhiteElo "1766"]
[BlackElo "1958"]
[PlyCount "46"]
[EventDate "2013.07.27"]
[EventType "swiss"]
[EventRounds "9"]
[EventCountry "ESP"]
[SourceTitle "EXT 2024"]
[Source "ChessBase"]
[SourceDate "2023.10.10"]
[SourceVersion "1"]
[SourceVersionDate "2023.10.10"]
[SourceQuality "1"]

1. e4 c5 2. Nf3 d6 3. d4 cxd4 4. Nxd4 Nf6 5. Nc3 g6 6. Be3 Bg7 7. f3 0-0 8. Bc4 Nc6 9. Qd2 Bd7 10. 0-0-0 Ne5 11. Bb3 Qa5 12. h4 Rfc8 13. h5 Nxh5 14. Bh6 Nd3+ 15. Kb1 Nxb2 16. Kxb2 Bxh6 17. Qxh6 Qxc3+ 18. Kb1 a5 19. Rd3 Qb4 20. Rxh5 gxh5 21. Qxh5 a4 22. Qxf7+ Kh8 23. Qxe7 Qe1+ 0-1

[Event "Madrid Codes Memorial 7th"]
[Site "Madrid"]
[Date "2013.04.28"]
[Round "4"]
[White "Enfedaque Jimenez, Juan Carlos"]
[Black "Vivas Mariscal, Luis Miguel"]
[Result "1-0"]
[WhiteElo "1735"]
[BlackElo "1573"]
[PlyCount "69"]
[EventDate "2013.04.07"]
[EventType "swiss"]
[EventRounds "9"]
[EventCountry "ESP"]
[SourceTitle "EXT 2014"]
[Source "ChessBase"]
[SourceDate "2013.11.20"]
[SourceVersion "1"]
[SourceVersionDate "2013.11.20"]
[SourceQuality "1"]

1. e4 d5 2. exd5 Qxd5 3. Nc3 Qa5 4. d4 Nf6 5. Nf3 Bf5 6. Bd3 Bxd3 7. Qxd3 e6 8. Bd2 c6 9. Ne4 Qd8 10. Nxf6+ Qxf6 11. 0-0-0 Bd6 12. Kb1 Nd7 13. h4 Qe7 14. Rhe1 0-0-0 15. c4 c5 16. d5 e5 17. g4 h6 18. g5 hxg5 19. hxg5 g6 20. Re2 Rh3 21. Rde1 Rdh8 22. Bc3 R8h4 23. Re4 Rxe4 24. Qxe4 f6 25. Qg4 Rh7 26. gxf6 Qxf6 27. Bxe5 Bxe5 28. Rxe5 Kc7 29. Re6 Qf5+ 30. Qxf5 gxf5 31. Ne5 Rh1+ 32. Kc2 Re1 33. f4 Re4 34. Re7 Kd6 35. Rxd7# 1-0